Statistics for Non-Commonwealth Countries That Drive on the Left

Click here to take the quiz!

General Stats

  • This quiz has been taken 35 times
    (28 since last reset)
  • The average score is 7 of 10

Answer Stats

ContinentAnswer% Correct
AsiaJapan
90%
Europe*Ireland
85%
South AmericaSuriname
85%
AsiaBhutan
80%
AsiaIndonesia
80%
AsiaNepal
80%
AsiaThailand
65%
AsiaEast Timor
60%
AsiaMaldives
60%
Africa*Zimbabwe
60%

Score Distribution

Percentile by Number Answered

Percent of People with Each Score

Your Score History

You have not taken this quiz since the last reset